000 00336nam a2200157Ia 4500
100 _aBashforth/ Reginald G
490 _vII
942 _cBK
654 _aIron & steel
245 _aThe Manufacture of Iron & Steel
260 _bB.I. Publications
_c1960
082 _a672
_bBAS
300 _a479
546 _aENGLISH
999 _c26268
_d26268